[Event "Alegre op"]
[Site "Alegre"]
[Date "2024.03.09"]
[Round "2"]
[White "De Andrade, Alexandre Rodrigues"]
[Black "Da Silva, Cesar Andre"]
[Result "0-1"]
[WhiteElo "1695"]
[BlackElo "1800"]
[PlyCount "132"]
[EventDate "2024.03.08"]
[EventType "swiss"]
[EventRounds "5"]
[EventCountry "BRA"]
[SourceTitle "CB12_2024"]
[SourceDate "2023.10.01"]
[SourceVersion "1"]
[SourceVersionDate "2023.10.01"]
[SourceQuality "1"]

1. e4 c5 2. Nf3 d6 3. Bc4 Nf6 4. d3 e6 5. Bg5 Be7 6. 0-0 Nc6 7. a3 a6 8. Qe2 h6 9. Bh4 0-0 10. Nbd2 b5 11. Ba2 Bb7 12. Rfe1 Nd7 13. Bg3 Rc8 14. c3 Re8 15. d4 cxd4 16. cxd4 Qb6 17. Qd3 Bf6 18. Bxd6 Bxd4 19. Nxd4 Nxd4 20. Bf4 Nf6 21. Be3 Red8 22. Bxd4 Rxd4 23. Qe3 Qd8 24. Rad1 Rc2 25. Re2 Nxe4 26. Nf1 Rxd1 27. Rxc2 Rxf1+ 28. Kxf1 Qd1+ 29. Qe1 Qxc2 30. Bb1 Qc4+ 31. Kg1 Bd5 32. Qe3 Qb3 33. Qd4 Nd6 34. h3 Qc4 35. Qe3 Nf5 36. Qd2 Nd4 37. Kh2 Ne2 38. Bd3 Qc6 39. Qxe2 Bxg2 40. Qe5 f5 41. Qg3 Be4 42. Be2 Qc2 43. Bh5 Qc8 44. Qg6 Qd7 45. Qe8+ Qxe8 46. Bxe8 g5 47. Bd7 Bd5 48. b4 f4 49. Bc8 e5 50. Bxa6 Bc4 51. Kg2 Kf7 52. a4 Bd5+ 53. f3 bxa4 54. b5 a3 55. b6 a2 56. Bc4 a1Q 57. Bxd5+ Ke7 58. b7 Qb2+ 59. Kf1 Kd6 60. Be4 Kc7 61. Ke1 Qh2 62. Kd1 Qxh3 63. Kd2 Qg2+ 64. Kd3 h5 65. Kc4 Qb2 66. Kc5 g4 0-1